Visualizzazione normale
Vista MARC
- Intra Enrico
di Personal Name
Records bibliografici associati: 1
001 - CONTROL NUMBER
- control field: 28230
003 - CONTROL NUMBER IDENTIFIER
- control field: IT-RoPau
005 - DATE AND TIME OF LATEST TRANSACTION
- control field: 20140603170918.0
008 - FIXED-LENGTH DATA ELEMENTS
- fixed length control field: 140603|| aca||aabn | a|a d
040 ## - CATALOGING SOURCE
- Original cataloging agency: IT-RoPau
- Transcribing agency: IT-RoPau
100 ## - HEADING--PERSONAL NAME
- Personal name: Intra Enrico
670 ## - SOURCE DATA FOUND
- Source citation: Work cat.: (IT-RoPau)100584: Intra Enrico, Passione e speranza